Hauptstädte an Bildern erraten - Statistiken

Allgemein
  • Dieses Quiz wurde 171 mal gespielt
  • Das Durchschnittsergebnis liegt bei 9 aus 16
Antwortstatistiken
Bildquiz Antwort % Korrekt
London
100%
Rom
98%
Berlin
96%
Moskau
87%
Washington D.C.
79%
Peking
72%
Tokio
65%
Ankara
60%
Kuala Lumpur
48%
Madrid
42%
Neu-Delhi
32%
Buenos Aires
20%
Kairo
18%
Ottawa
18%
Canberra
12%
Mexiko-Stadt
6%
Keine übereinstimmenden Quizze gefunden
Verteilung der Resultate
Anzahl Personen mit jedem Resultat
Perzentil nach korrekt beantworteten Fragen
Ihre Resultats-Entwicklung
Sie haben dieses Quiz noch nicht gespielt